Ite! lo que debe saber un misionero: consejos y apuntes sobre educación misional

Gespeichert in:
Bibliographische Detailangaben
1. Verfasser: Silvestri (VerfasserIn)
Format: Buch
Sprache:Spanisch
Veröffentlicht: Pamplona Capuchinos 1929
Ausgabe:1a. ed
Schlagworte:
Tags: Tag hinzufügen
Keine Tags, Fügen Sie den ersten Tag hinzu!

MARC

LEADER 00000cam a2200000 a 4500
001 UCE9530
003 CL-VaPUC
008 151022e19290000sp |||||||||||||||||spa|d
082 0 4 |a 262.91  |b SIL  |2 21 
100 0 |a Silvestri  |e author  |9 582388 
245 1 0 |a Ite! lo que debe saber un misionero: consejos y apuntes sobre educación misional 
250 |a 1a. ed 
300 |a 342 p 
942 |c BK 
945 |d 20151022 17:18:00  |a gsalatino 
260 |a Pamplona  |b Capuchinos  |c 1929 
650 7 |a MISIONEROS CATOLICOS  |2 CL-VaPUC  |9 509645 
650 0 |a Educación religiosa   |9 308312 
583 |a last modification  |c 20151026 10:37:25  |k Rodrigo Vera 
999 |c 361194  |d 361192 
952 |0 0  |1 0  |3 erd  |4 0  |6 262_910000000000000_SIL_1929  |7 0  |8 P  |9 471566  |a BIBTEO  |b BIBTES  |c TEO_FTES  |i 520741K  |o 262.91 SIL 1929  |p 520741K  |r 2024-01-18  |w 2019-11-24  |y BK  |z Catalogado en:20151022  |k ICR